[Event "Bundesliga 0304"]
[Site "Germany"]
[Date "2003.12.13"]
[Round "5.2"]
[White "Hracek, Zbynek"]
[Black "Shirov, Alexei"]
[Result "0-1"]
[WhiteElo "2584"]
[BlackElo "2737"]
[Annotator "Meyer,CD/Hracek"]
[PlyCount "80"]
[EventDate "2003.11.01"]
[EventType "team-tourn"]
[EventRounds "15"]
[EventCountry "GER"]
[SourceTitle "CBM 099"]
[Source "ChessBase"]
[SourceDate "2004.03.30"]
[SourceVersion "1"]
[SourceVersionDate "2004.03.30"]
[SourceQuality "1"]
[WhiteTeam "Werder Bremen"]
[BlackTeam "Baden Oos"]
[WhiteTeamCountry "GER"]
[BlackTeamCountry "GER"]

{SHIROV'S ANGRIFFSWIRBEL} 1. e4 c5 2. Nf3 Nc6 3. d4 cxd4 4. Nxd4 Nf6 5. Nc3 e5
6. Ndb5 d6 7. Bg5 a6 8. Na3 b5 9. Bxf6 gxf6 10. Nd5 f5 11. Bd3 Be6 12. c3 Bg7
13. Qh5 O-O 14. O-O f4 15. Rfd1 {"This move is similar to the main line (>=15.
Rad1, see notes to the game Anand-McShane, Bundesliga 2003, CDM) in that it
prevents 15...f5, but here White intends to play on the queenside (with a4),
making use of the rook still being on a1. However, this plan is not dangerous
for Black, who has several viable options." From "The complete Sveshnikov
Sicilian" by Yuri Yakovich, Gambit 2002.} Rb8 16. Nc2 Qd7 17. h3 {[#]} f5 ({
The rapid game Anand-Kramnik, Cap d'Agde 2003, continued} 17... a5 $6 18. Na3
$1 b4 19. Nb5 bxc3 20. bxc3 Ne7 21. Ndc7 Rbc8 22. Nxe6 fxe6 23. a4 $36 {
, 1:0/46}) 18. Ndb4 Nxb4 19. Nxb4 a5 20. exf5 Bxf5 ({Vielleicht verdiente} 
20... Bf7 $5 {den Vorzug, z.B.} 21. Qh4 axb4 22. f6 Bg6 23. fxg7 Qxg7 $1 24.
Bxg6 (24. cxb4 $2 e4 25. Bc2 Qxb2 26. Bb3+ Kh8 27. Rab1 (27. Rac1 Rbe8 {/\e3->}
(27... f3)) 27... Qg7 $1 {/\} 28. Rxd6 e3 $1 $40) 24... Qxg6 25. cxb4 Rf5 $13)
21. Nc6 $1 Rbe8 22. Bxb5 Qc7 {[#]} 23. Nxa5 $2 {Der Springer driftet doch
merklich ab, und Weiß bekommt Probleme, seine Kräfte am Damenflügel wieder zu
koordinieren.} (23. Qf3 $1 {First of all I saw this strong move, but then I
unfortunately stuck to the silly pawn grub.} Kh8 (23... Be6 24. c4) 24. Qd5 Re6
25. Be2 Rg6 (25... e4 26. Nd4 Re5 27. Qc6 Qd7 28. Qxd7 Bxd7 29. Bg4 $14) 26.
Bh5 Rg5 27. Bg4 $14) 23... Rb8 $1 $36 {Alexei told me during the post mortem
that he had this position already at home on the board! I have to admit that I
calculated only with} (23... Bg6 {, for example} 24. Qg4 Qxa5 25. Bxe8 Rxe8 26.
Rxd6 $14) 24. Bc4+ Kh8 25. b4 Bg6 26. Qg4 ({Oder} 26. Qh4 {mit ähnlichen
Bildern wie in der Partie:} f3 $5 27. g3 (27. Rac1 fxg2 $40) 27... e4 28. Rac1
e3 $1 29. fxe3 Rbe8 $40) 26... e4 {[#] Das doppelte Bauernopfer beginnt sich
auszuzahlen. Während Weiß noch Zeit braucht, seinen Damenflügel
zusammenzuhalten, nimmt der feindliche Angriff auf der anderen Seite
angesichts der vorpreschenden e- und f-Bauern schnell erschreckende Ausmaße an.
} 27. Rac1 f3 $40 28. Bd5 ({Falls} 28. g3 {so ist der Vorstoß} e3 $1 {wieder
der thematische Aufreißer, z.B.} 29. fxe3 Rbe8 30. Bd5 (30. Be6 d5 $1) 30...
Rxe3 31. Nc4 (31. Rf1 Rxc3 32. Rxc3 Qxc3 33. Bxf3 Qe3+ (33... Bd3) 34. Kh2 d5
$1 {drohend Bd3 und Qd2+ usw. -+}) (31. Nc6 Bd3 32. Rd2 Be2 33. Kh2 Bxc3 34.
Rd4 (34. Rdc2 Qb6 $1) 34... f2 35. Rf4 Qg7 $1 $19) 31... Re2 $1 32. Bxf3 (32.
Kh1 Qa7 $1) 32... Qa7+ 33. Kh1 Rxf3 34. Qxf3 Be4 $19) 28... Bh6 {[#] Die
anfällige weiße Königsstellung kann dem Shirovschen Angriffswirbel nun nicht
mehr lange standhalten.} 29. Nc4 ({Oder auch} 29. Nc6 Rbe8 30. Nd4 (30. Ra1 Rf5
$1) 30... e3 $1 {mit sehenswerten Varianten:} 31. fxe3 (31. Ne6 Rxe6 32. Qxe6
exf2+ 33. Kh1 Bxc1 34. Rxc1 Qg7 $1 35. Qg4 (35. Qe3 Be4 $19) 35... Bd3 $19) (
31. Nxf3 exf2+ 32. Kf1 Rf4 33. Qg3 Be4 $1 34. Bb3 (34. Bxe4 Rfxe4 $19) 34...
Rf6 35. Qxf2 Qb7 $19) 31... Bxe3+ 32. Kh2 Rf4 (32... Bxc1 33. Rxc1 f2 $17 {/-+}
) 33. Ne6 (33. Qg3 fxg2) 33... Rxg4 34. Nxc7 Rxg2+ 35. Kh1 Re7 $17 {/-+} (35...
Re4 $5) 36. Bxf3 (36. Re1 Rg3 37. Kh2 Rg5 $19) 36... Rg3 37. Nd5 Rxf3 38. Nxe7
Be4 $1 $19) 29... fxg2 $5 ({Alternativen: I Überzeugend wirkt das schlichte} 
29... Bxc1 $1 30. Rxc1 {und z.B.} Rb5 $1 31. Ne3 (31. Qe6 $2 Qg7 $1 {Both of
us had missed this strong queen move.} 32. Ne3 Bf7 $19) (31. Bxe4 Qxc4) 31...
Rxb4 32. g3 Ra4 $17) ({II Fragwürdig ist} 29... Rb5 $6 {wegen} 30. Ne3 $1 Bxe3
31. fxe3 Rxd5 32. Rxd5 f2+ 33. Kh2 f1=Q 34. Rxf1 Rxf1 $13) 30. Qh4 $2 ({
Die letzte Rettungschance bestand in} 30. Ne3 {, z.B.} Rf3 (30... Qa7 31. Re1 {
, und nach} Rxf2 $2 32. Kxf2 Bxe3+ 33. Kxg2 Bxc1 34. Rxc1 Qe3 35. Qd1 $1 {
verpufft der Angriff} Rb5 (35... Rc8 36. Be6) 36. Qf1) 31. Re1 (31. Qh4 $2 Bxe3
32. fxe3 Rbf8) (31. Qxg2 $2 Bf7 $1 32. Bxe4 Rxe3 33. fxe3 Rg8) 31... Re8 $5 {
Mittels Re5 soll die 5. Reihe als Sprungbrett für den Nachschub dienen (Rg5,
Rh5, Bh5), während Weiß den wachsenden Druck nicht abschütteln kann:} ({Gegen} 
31... Rbf8 {mag sich Weiß noch behaupten können:} 32. Rc2 Qa7 33. Qxg2 $5 $13 (
33. Kxg2 $5 $13)) 32. Qh4 (32. c4 Re5 $1 {drohend Rxe3} 33. Ra1 (33. Rcd1 Qd8
$1 {drohend Bxe3 nebst Bh5}) (33. Rb1 $2 Bxe3 34. Rxe3 (34. fxe3 Qd8 $1) 34...
Rxd5) 33... Qd8 $1 34. h4 Bg7 {/\35...Bh5 36.Qxg2 Qxh4} 35. Bb7 Qf8 $1 36. Qxg2
$2 Re7) 32... Qg7 33. c4 (33. a4 Re5 34. Qd8+ Be8 35. c4 Rxh3) 33... Re5 34.
Rc2 Qf8 {, und gegen 35...Rh5-+ ist kein Kraut gewachsen.}) 30... Qa7 $5 (30...
Bxc1 31. Rxc1 Rf3 {ist auch nicht von Pappe.}) 31. Kxg2 ({I} 31. Rc2 e3 32. Re2
(32. Nxe3 Bxe3) 32... exf2+ 33. Kxg2 (33. Rxf2 Rf4 34. Qg3 Rbf8 $19 35. Rdd2
R4f5) 33... Qg7 $1 $19 34. Qg4 Rf4 35. Qg3 Bh5) ({II} 31. Rb1 Bg5 32. Qg3 Rf3
33. Qxg2 Bh4 34. Kh1 Bf5 $19 35. Nxd6 Rxh3+ 36. Kg1 Rg3) 31... Bxc1 32. Rxc1
Rf3 33. Ne3 Rbf8 34. Rc2 {[#]} Qg7 $1 {Diesmal realisiert Shirov das variiert
auftauchende Motiv der Dame/Läufer-Batterie.} 35. Qg5 (35. Qg4 Qf6) 35... h6
36. Qg4 (36. Qh4 Bf7+ (36... R8f4) 37. Qg4 (37. Kf1 Rxe3) (37. Kh1 Bxd5 38.
Nxd5 Rg8 39. Qg4 Rxh3+ 40. Qxh3 Qg1#) 37... Qf6 $19 {, und mit dem Bauern f2
fallen die letzten Bastionen:} 38. Bxf7 Rxf7 39. Qxe4 Rxf2+ 40. Kg1 Qg7+ 41.
Qg4 (41. Ng4 Rxc2 42. Qxc2 h5) 41... Rxc2 42. Nxc2 Qxc3) 36... R8f4 37. Qc8+
Kh7 $19 38. Qb7 Bf7+ 39. Ng4 (39. Kh2 Rxf2+ 40. Rxf2 Rxf2+ 41. Kh1 Qg3 (41...
Qxc3) 42. Bxe4+ Kh8 43. Qa8+ Bg8) 39... Bxd5 40. Qxd5 Rxh3 $1 {Die elegante
Entscheidung im Mattangriff!} (40... Rxh3 41. Kxh3 Qxg4+ 42. Kh2 Rf3 43. Qb7+
Kg6 {Mit 0 Punkten aus drei Partien war das lange Dezember-Wochenende in
Bremen für Zbynek Hracek das schwärzeste seiner 10jährigen Bundesliga-Karriere.
Dagegen glänzte Alexei Shirov (2:0) noch mit einem weiteren Angriffssieg gegen
Etienne Bacrot.}) 0-1

[Event "Bundesliga 0304"]
[Site "Germany"]
[Date "2003.12.13"]
[Round "5.1"]
[White "Anand, Viswanathan"]
[Black "McShane, Luke J"]
[Result "1-0"]
[WhiteElo "2766"]
[BlackElo "2619"]
[Annotator "Meyer,CD/McShane"]
[PlyCount "83"]
[EventDate "2003.11.01"]
[EventType "team-tourn"]
[EventRounds "15"]
[EventCountry "GER"]
[SourceTitle "CBM 099"]
[Source "ChessBase"]
[SourceDate "2004.03.30"]
[SourceVersion "1"]
[SourceVersionDate "2004.03.30"]
[SourceQuality "1"]
[WhiteTeam "Baden Oos"]
[BlackTeam "Werder Bremen"]
[WhiteTeamCountry "GER"]
[BlackTeamCountry "GER"]

{KAMPFSCHACH PAR EXCELLENCE On the 13th of December I had an early Christmas
present by way of a chance to play against Vishy Anand in the German
Bundesliga. They say giving's important as well, and I gave it all I could,
but it wasn't quite enough...} 1. e4 c5 2. Nf3 Nc6 3. d4 cxd4 4. Nxd4 Nf6 5.
Nc3 e5 6. Ndb5 d6 7. Bg5 a6 8. Na3 b5 9. Bxf6 gxf6 10. Nd5 f5 11. c3 Bg7 12.
Bd3 Be6 13. Qh5 O-O 14. O-O f4 {[#] I couldn't help smirking when I glanced
over at the second board of the match, where Zbynek Hracek was playing White
for my team against Alexei Shirov and reached the same position! Zbynek chose
15.Rfd1, but Vishy decided to surprise me.} 15. Nc2 {"?!. After this careless
move Black replies ...f5! with the threat 16...Bxd5 and is already better." (
From "The complete Sveshnikov Sicilian" by Yuri Yakovich, Gambit 2002)} ({
Als besser gilt} 15. Rad1 {"This is currently the main line due to the efforts
of Vishy Anand, who played it several times in 2001. White prepares 16.g3 and
prevents 15...f5." (Yakovich)} Kh8 (15... Rb8 $5 16. g3 Qd7 17. Rd2 Bh3 (17...
f5) 18. Re1 Kh8 19. f3 Be6 20. gxf4 f5 21. Kh1 Bxd5 22. exd5 Ne7 23. fxe5 Bxe5
24. c4 Ng6 25. cxb5 axb5 26. Bb1 Nf4 27. Qh4 Rg8 28. Nc2 Qg7 $2 (28... Ng6 $13)
29. Ne3 $16 {H.Krieger-R.Deutschmann, Graz 2002, 1:0/39, CDM}) 16. g3 Rg8 17.
Kh1 Bf8 18. Be2 Rg5 19. Qf3 f5 20. gxf4 exf4 (20... fxe4 21. Qxe4 Bf5 22. Qe3
exf4 23. Nxf4 Ne5 24. Nc2 $1 (24. f3 Qf6 25. Nd5 Qg6 26. Rg1 Bh6 27. Rxg5 Bxg5
28. Qd4 Rg8 29. Rg1 Rg7 30. Rg3 Qh5 31. Qb6 Qe8 32. Qd4 {- remis, D.Barua-J.
Sriram, New Delhi 2001}) (24. Nd5 Ng4 $1 {V.Anand-P.Leko, Wijk aan Zee 2001,
remis/34}) 24... Qd7 25. Nd4 Bh6 26. Nxf5 Rxf5 27. Ng6+ Nxg6 28. Qxh6 {mit
weißem Vorteil gem. einer Analyse von P. Leko aus Yakovichs o.a. Werk}) 21.
Nxf4 Bxa2 22. c4 fxe4 (22... Ne5 23. Qe3 Rg8 24. cxb5 axb5 25. Nxb5 $16 {
Anand/Yakovich; der lästige Fesselungszug 24...Bh6!? muß allerdings noch
geprüft werden, CDM.}) 23. Qxe4 Qe8 24. Bf3 Qxe4 25. Bxe4 Rc8 26. Ne6 Re5 $1 {
"Black maintains the balance in a sharp tactical fight." (Yakovich)} 27. Bxc6
Rxc6 28. Nxf8 b4 $1 $14 {, V.Anand-G.Hernandez, Merida 2001, 1:0/53}) 15... f5
$1 {Detonating the centre and undermining d5. Black's key idea is to break the
blockade and get the pawns rolling, when supported by the bishop pair they can
become very dangerous.} 16. Ncb4 Nxb4 17. Nxb4 a5 $1 18. exf5 Bf7 19. Qh3 {[#]}
Qf6 $5 ({"} 19... Qd7 $1 20. Nc2 d5 21. Rad1 Ra6 $1 22. Qg4 Rh6 {and Black has
a strong initiative, Klovan-Timoshchenko, Odessa 1974." (Yakovich) McShane's
Damenzug hat aber auch seine Vorteile}) ({freilich nicht} 19... axb4 $2 20. f6
Bg6 21. fxg7 $16) 20. Nc2 {The blockade is gone, but at the cost of a useful
pawn on f5.} Rab8 ({Das sofortige} 20... b4 $5 {war auch zu bedenken:} 21. cxb4
(21. c4 Rac8) 21... d5) 21. g3 {Chipping away at the pawns as soon as possible.
} Bh6 {Weitere Möglichkeiten waren 21...b4 oder 21...d5.} 22. a4 b4 $5 ({
Bissiger als} 22... bxa4 {, da die Öffnung des Damenflügels auch dem Gegner
Entfaltungsmöglichkeiten bietet, z.B.} 23. Rxa4 Rxb2 24. Rxa5 Rb3 (24... Rc8
25. Ra3) (24... d5 $2 25. Nb4 Rd8 26. Ra6 Rd6 27. Rfa1 $16) 25. Nb4 Rxc3 26.
Nd5 Bxd5 27. Rxd5 {mit etwa gleichen Chancen}) 23. cxb4 d5 $1 {This was my
idea. With the c3 pawn deflected, the central pawns come into their own.} ({
In "Sweschnikow-Manier" unterstreicht Schwarz seine Opferbereitschaft, um die
zentrale Bauernwalze ins Rollen zu bringen. Zögerlich erscheint} 23... axb4 {:}
24. Bb5 b3 25. Nb4 {, und der Schimmel bekommt - ganz im Gegensatz zur Partie
- attraktive Optionen.}) 24. Bb5 Rfc8 $1 {Forcing the knight to a silly square,
as defending from c1 would give the Bh6 plenty to shout about.} 25. Ne1 e4 $5 {
Keeping White's knight passive.} ({Schwarz überläßt den gesamten Damenflügel
seinem Schicksal, überdies war} 25... axb4 $6 {wegen} 26. Nd3 $1 {zumindest
zweifelhaft.}) 26. bxa5 f3 {[#] A remarkable position. Three pawns down the
drain, but three mega pawns in the centre. White's own queenside trio has
potential, but for the moment his pieces are restricted too much. 27.Nxf3 exf3
28.Qg4+ Bg7 29.Qxf3 is interesting but after 29...Qxb2 the position still
looks unclear.} 27. a6 Bg7 28. Rb1 h5 29. b4 Rc7 30. Kh1 Qg5 31. Bd3 $1 {
Giving the piece back to roll the queenside.} ({Eine andere, brachiale
Befreiungsaktion bestand in} 31. g4 {, z.B.} hxg4 (31... h4 $6 32. Nxf3 $1 exf3
33. Qxf3 Rc3 34. Bd3 $16) 32. Qg3 Rbc8 (32... Rcc8 33. Bc6 $1) 33. Rg1 Bh5 $1 {
mit unklarer Stellung (34.h3?! Qxf5!). Das verblüffende Opferangebot des
Inders überrascht den jungen Engländer, der ab jetzt zudem in rasender Zeitnot
ist.}) 31... exd3 ({In fact I could have seriously considered just ignoring it
with} 31... Bc3 {here. Allerdings dürfte Weiß nach dem weiteren} 32. b5 Ba5 33.
Bc2 $1 {am längeren Hebel sitzen.}) 32. b5 $1 {He was pleased with this move,
which keeps me guessing as to which pawn his knight will grab.} d2 $1 ({
Ein Damenrückzug, um die feindlichen Bauern zu stoppen, ist in diesem Moment
unnötig:} 32... Qd8 $2 {/Qf6?!/Qh6?!} 33. Nxd3 $1 (33. b6 $2 Ra7 $1 34. bxa7
Rxb1 35. Nxf3 Rb6 $1) (33. a5 $2 d2 34. Nd3 Ra7)) 33. Nxf3 Qh6 34. Qh4 {[#]} ({
Gegen den sofortigen Vorstoß} 34. a5 {mußte die Ressource} Ra7 $1 {erst einmal
gefunden werden:} (34... d4 $2 35. b6) 35. g4 $5 (35. Qh4 $6 d4 $1 (35... Be8
$5) 36. Qe4 Bc4 $1 (36... Re8 $2 37. Qc2 Bd5 38. Kg1) 37. Rfd1 Qd6 $1) 35...
Qf4 36. gxh5 d4 37. Qg3 Qxg3 38. fxg3 Bd5 $13) 34... Qb6 $2 $138 {Giving up
the trump card to prevent a4-a5. Alternativen:} ({I Klar scheitert} 34... Bc3
$2 {an} 35. b6 $1 Rxb6 36. Qd8+ $18) ({II Jedoch nach} 34... d4 $1 {nebst
Aktivierung des Bf7 (/^a8-f3,/^c4-f1) ist Rettung in Sicht:} 35. Ng5 (35. Kg1
$6 Bc4 $1 {und falls} 36. b6 $2 {so} Bxf1 37. bxc7 Rxb1 38. c8=Q+ Kh7 39. Nxd2
Bxa6+ 40. Nxb1 Bxc8 $19) ({auf} 35. a5 $4 {besetzt} Bd5 {mit durchschlagender
Kraft die vitale, lange Diagonale.}) (35. Qe4 $2 Re8) 35... Qxa6 $1 36. bxa6
Rxb1 37. Rxb1 Rc1+ 38. Kg2 Rxb1 39. a7 Bd5+ {[#] Analyse Allem Anschein nach
enden die enormen, am Brett allemal undurchschaubaren Verwicklungen nun
forciert im Remis:} 40. Qe4 (40. Ne4 d1=Q (40... Kf7 $2 41. Qxh5+ Kf8 42. f6 $1
Bxe4+ 43. Kh3 Bxf6 (43... d1=Q 44. fxg7+ Kxg7 45. Qe5+ Kh6 {/Kf8} 46. Qxe4 $18)
44. Qh6+ Ke7 45. a8=Q Bxa8 46. Qh7+ {plus Qxb1+-}) (40... Bxe4+ $4 41. Qxe4 $18
) 41. Qd8+ Kh7 42. Qxd5 Qf1+ 43. Kf3 Qh1+ 44. Kf4 Qc1+ 45. Kf3 Qh1+ $11) 40...
Bxe4+ 41. Nxe4 d1=Q (41... Rg1+) 42. a8=Q+ Bf8 43. Qd5+ $11) 35. Nxd2 $2 ({
Von McShane's dramatischer Zeitnot ebenfalls beeinflußt entgeht Anand in der
Hitze des Gefechts die Vorentscheidung mittels} 35. Qg5 $1 {(drohend 36.f6,
Damentausch auf f6, dann b6 usw.; oder auch 36.a5)} Kh8 (35... Kf8 36. a5 Qd6 (
36... Qxa5 37. f6 Bh8 38. Qh6+ Kg8 39. Ng5 $18) 37. b6 $18) (35... Kh7 36. Qxd2
$18) (35... d4 36. Nxd2 $18) 36. f6 Bf8 (36... Bxf6 37. Qh6+ Kg8 38. a5 $18)
37. Nxd2 d4 38. Ne4 $18) 35... Rc2 36. Rbd1 $2 (36. Qg5 $1 $18 {reichte immer
noch.}) 36... Re8 $2 {[#]} (36... Ra2 37. Kg1 $5 (37. Qg5 Rxa4) (37. Nf3 d4 $1
$132) 37... Re8 38. Nf3 Ree2 39. Rd4 $1 Bf6 40. Qf4 $16) 37. f6 $2 {This
totally disorient(at?)ed me.} ({Die kritische Fortsetzung wird nach wie vor
übersehen:} 37. Qg5 $1 Ra2 (37... Kf8 38. Rfe1) (37... d4 38. f3) (37... Re2 $2
38. a5) 38. Rde1 Rxa4 39. Rxe8+ Bxe8 40. Re1 Bf7 41. Kg2 {und Weiß hält seinen
großen Vorteil fest (+/-/+-)} Ra2 (41... d4 42. Ne4 $1) (41... Rg4 42. Qe7 $1 {
drohend Qb7+-}) (41... h4 42. Re7) 42. Re2) 37... Bxf6 $2 (37... Bh6 $1 {
hätte reichlich Sand ins weiße Getriebe gestreut:} 38. Nf3 (38. Qb4 $6 Qxf6 39.
Kg1 (39. f4 Bf8) 39... d4 $1) (38. f4 $4 Qe3 39. Nf3 Rf2) 38... Re4 39. Qh3
Qxf6 40. Nh4 Be6 41. Qg2 Rxa4 42. Rb1 Bf8 43. b6 Rxa6 44. b7 Bd6 45. b8=Q+ Bxb8
46. Rxb8+ Kg7 $13 {/= mit etwa gleichen Aussichten!}) 38. a5 $1 (38. Qf4 $5 Bg7
39. Rfe1 $16) 38... Bxh4 $2 {Der letzte Fehler.} ({I} 38... Qe6 $2 39. Qf4 $1 (
{After} 39. Qa4 Bg6 {the game would still be up for grabs. One barmy line goes}
40. a7 Bd3 41. Rde1 Qxe1 42. Rxe1 Rxe1+ 43. Kg2 Rxd2 44. a8=Q+ Kg7 {and
according to my computer a draw by perpetual check with Bf1+ is likely! LMS})
39... Bc3 40. Nf3 $16 {/+-}) ({II} 38... Qd8 $5 {mag noch relativ am besten
sein:} 39. Qa4 Rb2 (39... Bg6 40. b6 Qa8 41. b7 Qb8 42. Qb3 Kg7 43. Qb6 Rb2 44.
Nb3 Bd8 45. Qb5 Bf6 46. Rc1 $18) 40. b6 Qa8 41. Qf4 $16) 39. axb6 $18 Bd8 40.
b7 Bb6 {I counted on this flimsy blockade, but now} 41. Rc1 $1 Bg6 42. Rce1 $1
{and when I shuffle my rook across, Re1-e6 forks my bishops. Eine ungemein
spannende und hochkomplizierte Kampfpartie.} 1-0

[Event "Ciocaltea Memorial"]
[Site "Bucharest"]
[Date "1997.??.??"]
[Round "8"]
[White "Moldovan, Daniel"]
[Black "Kiselev, Sergey"]
[Result "0-1"]
[WhiteElo "2435"]
[BlackElo "2485"]
[Annotator "Milu,R"]
[PlyCount "58"]
[EventDate "1997.03.??"]
[EventType "tourn"]
[EventRounds "13"]
[EventCountry "ROU"]
[EventCategory "10"]
[SourceTitle "CBM 060"]
[Source "ChessBase"]
[SourceDate "1997.09.29"]
[SourceVersion "1"]
[SourceVersionDate "1997.09.29"]
[SourceQuality "1"]

1. e4 c5 2. Nf3 Nc6 3. d4 cxd4 4. Nxd4 Qb6 5. Nb3 Nf6 6. Nc3 e6 7. Bd3 Be7 8.
Be3 Qc7 9. f4 d6 10. Qf3 a6 11. O-O O-O 12. Rae1 Nb4 13. a3 (13. g4 Rb8 14. g5
Nd7 15. Qh5 Nxd3 16. cxd3 g6 17. Qh6 Re8 18. Rf3 Bf8 19. Qh4 Bg7 20. Rh3 Nf8
21. e5 b6 22. Ne4 dxe5 23. fxe5 Rd8 24. d4 Rd5 25. Nf6+ Bxf6 26. gxf6 h5 27.
Qf4 {1-0 Makropoulou,M-Fanouraki,N/GRE-chW 1996/EXT 96ch2}) 13... Nxd3 14. cxd3
b5 $6 (14... Bd7 15. Rc1 Qb8 (15... Qd8 16. Kh1 Rc8 17. Nd4 Ne8 18. f5 Bf6 19.
Rc2 Nc7 20. Rcf2 Qe7 21. fxe6 fxe6 22. Qd1 Bxd4 23. Bxd4 Nb5 24. Rxf8+ Rxf8 25.
Nxb5 {Lutz,C-Martinovic,S/Groningen op 1995/EXP 50/0-1 (56)}) 16. Na5 Bd8 17.
b4 b6 18. Nb3 Be7 19. Nb1 a5 20. Nd4 axb4 21. axb4 Qb7 22. Nd2 Ra3 23. Bf2 b5
24. Nc2 {Keres,P-Smyslov,V/JUG ct Belgrade 1959/CAND/0-1 (40)}) 15. Rc1 (15. e5
Bb7 16. exf6 Bxf3 17. fxe7 Qxe7 18. Rxf3 $14) 15... Qb8 16. Na5 Bd7 17. Na2 $6
(17. b4 $14 {/\Ne2-d4, ><c6}) 17... Bd8 18. Nc6 $6 (18. b4 $142) 18... Bxc6 19.
Rxc6 a5 $15 20. f5 Qb7 21. Rcc1 $6 (21. Rfc1 Ra6) 21... b4 22. a4 Re8 $3 23.
fxe6 Rxe6 24. Kh1 d5 25. exd5 Qxd5 26. Qxd5 Nxd5 27. Bd4 Nb6 28. Bxb6 Bxb6 29.
Rce1 Rc8 $17 0-1

[Event "RUS-ch"]
[Site "Elista"]
[Date "1994.??.??"]
[Round "8"]
[White "Akhmadeev, Vadim"]
[Black "Beshukov, Sergei"]
[Result "0-1"]
[WhiteElo "2395"]
[BlackElo "2495"]
[Annotator "Moiseev,V"]
[PlyCount "124"]
[EventDate "1994.09.??"]
[EventType "swiss"]
[EventRounds "11"]
[EventCountry "RUS"]
[SourceTitle "CBM 044"]
[Source "ChessBase"]
[SourceDate "1995.02.01"]
[SourceVersion "1"]
[SourceVersionDate "1995.02.01"]
[SourceQuality "1"]

1. e4 c5 2. Nf3 Nc6 3. d4 cxd4 4. Nxd4 Nf6 5. Nc3 e6 6. Ndb5 d6 7. Be3 e5 8.
Bg5 a6 9. Na3 b5 10. Bxf6 gxf6 11. Nd5 Bg7 12. c3 f5 13. exf5 Bxf5 14. Nc2 Be6
15. Be2 (15. a4) (15. Nce3) (15. g3) 15... O-O 16. O-O f5 (16... Ne7 $6 17. Bf3
Rc8 18. a4 $14) (16... Kh8 17. Bf3 $6 (17. a4 $142 bxa4 18. Rxa4 a5 $10 {
Sveshnikov}) 17... Rc8 18. Ncb4 Nxb4 19. Nxb4 a5 $15 {Sveshnikov,E-Timoschenko,
G/URS/1975/0:1/32/ Inf 20/412/}) 17. f4 $6 (17. a4 $5 bxa4 18. Rxa4 a5 19. Bc4
$14) 17... Ne7 $1 (17... e4 $5 18. Nce3 (18. a4 b4 19. Ncxb4 Nxb4 20. Nxb4 Qb6+
21. Kh1 a5 {Sveshnikov}) 18... b4 $1 19. Qa4 Ne7 20. Nxe7+ Qxe7 21. Qxb4 Qa7
$44 {Ellenberg-Khoint/1974-1975/}) 18. Nce3 (18. Ncb4 $2 a5 19. Nxe7+ Qxe7 20.
Nd5 (20. Nc6 $2 Qc7 21. Bxb5 Qb6+ $19) 20... Qb7 $17) 18... Nxd5 19. Nxd5 Rc8
$15 20. Kh1 Rc5 21. Nb4 (21. Ne3 $142 exf4 (21... Qb6 $5) 22. Nc2 (22. Rxf4 Be5
)) 21... a5 22. Nd3 Rd5 $5 23. Qe1 e4 24. Nf2 Rc5 25. Qd2 b4 $1 $17 26. Nd1 (
26. c4 $2 d5 27. cxd5 (27. Rad1 d4 $19) 27... Rxd5 $19) (26. cxb4 $2 axb4 27.
Qxb4 Rc2 $19) 26... bxc3 27. bxc3 d5 28. a4 Qc7 (28... d4 $5 29. cxd4 Qxd4 30.
Qxd4 Bxd4 31. Ra3 Rc2 32. Bb5 Rfc8 $17) 29. Ra3 Rd8 30. Qe1 Qe7 (30... d4 $5)
31. Rb3 d4 32. cxd4 Bxb3 33. dxc5 Qxc5 34. Qh4 Rd2 $1 (34... Rf8 $5 35. Bb5 Qd4
) 35. Qe1 Rd6 36. g4 fxg4 37. Bxg4 Bxa4 38. Ne3 Bc6 39. Qg3 Rd3 40. Be6+ Kh8
41. Rg1 Qe7 42. f5 Rd8 43. h4 Qf6 44. Ng4 e3+ 45. Kh2 Qb2+ 46. Kh3 h5 $1 $19
47. Nxe3 (47. f6 hxg4+ 48. Qxg4 Qxf6 49. Qh5+ Qh6 $19) 47... Be5 48. Rb1 $5
Bxg3 (48... Qxb1 $2 49. Qxe5+ Kh7 50. Qc7+ Kh6 51. Qxc6 $18 (51. Qxd8 $2 Qh1+
$19)) (48... Qc3 $2 49. Qg5) 49. Rxb2 Bf4 50. Rc2 (50. Rb3 Rd2 $19) 50... Be4
51. Rc4 Rd2 52. Rc8+ Kh7 53. Bg8+ Kg7 54. f6+ Kh6 (54... Kxf6 $2 55. Rf8+ $18)
(54... Kg6 $19) 55. Ng4+ hxg4+ 56. Kxg4 Be5 57. Be6 Rg2+ 58. Kh3 Rg3+ 59. Kh2
Rg2+ 60. Kh3 Rg3+ 61. Kh2 Rg6+ 62. Kh3 Bg2# 0-1